| 000 | 00494nam a22001697a 4500 | ||
|---|---|---|---|
| 005 | 20150124124058.0 | ||
| 008 | 121112t ag||||| |||| 00| 0 spa d | ||
| 020 | _a9789502019383 | ||
| 050 | 0 | 4 |
_aK3400 _bC37 2009 |
| 100 | 1 | _aCassagne, Juan Carlos | |
| 245 | 1 | 3 |
_aEl contrato administrativo / _cJuan Carlos Cassagne |
| 250 | _a3a ed. | ||
| 260 |
_aBuenos Aires, Argentina : _bAbeledoPerrot, _cc2009 |
||
| 300 |
_aviii, 482 p. ; _c24 cm. |
||
| 650 | 4 | _aDerecho administrativo | |
| 942 |
_2lcc _cLIB |
||
| 999 |
_c34843 _d34843 |
||